• 首页
  • 本馆介绍
  • 公告通知
  • 最新文献
  • 馆藏检索
  • 电子资源
  • 读者导购
  • 参考咨询
  • 我的图书馆
  • 登录
  • 详细信息显示
  • 放入我的书架
  • 预约/预借图书
  • 作者相关作品
  • 分类相关作品
  • 丛书相关作品
  • 出版社相关作品

书目信息

  • 表格格式
  • 工作单格式
  • 卡片格式
题名:
光合作用学
    
 
作者: 许大全 编著
分册:  
出版信息: 北京   科学出版社  2013.10
页数: 10,471页
开本: 26cm
丛书名: 研究生创新教育系列丛书
单 册:
中图分类: Q945.11
科图分类:
主题词: 光合作用--研究 , 光合作用
电子资源:
ISBN: 978-7-03-038768-4
000 01049oam2 2200289 450
001 0120131158477
005 20140609154524.92
010    @a978-7-03-038768-4@dCNY128.00
100    @a20131105d2013 em y0chiy0110 ea
101 0  @achi@eeng
102    @aCN@b110000
105    @aaf z 001yy
106    @ar
200 1  @a光合作用学@9guang he zuo yong xue@f许大全编著
210    @a北京@c科学出版社@d2013.10
215    @a10,471页@c图,图版(1叶)@d26cm
225 2  @a研究生创新教育系列丛书
300    @a国家科学技术学术著作出版基金资助出版
330    @a本书包括序篇、历史篇、方法篇、机制篇、响应篇、调节篇和应用篇7篇,从光合作用的生物化学、生理生态学和分子生物学等方面全景式展示了光合作用研究的历史、现状和最新进展及研究前沿。
333    @a可供大学和生命科学研究机构的生物专业学生、研究生、教学与科研人员参考
461  0 @12001 @a研究生创新教育系列丛书
606 0  @a光合作用@x研究
606 0  @a光合作用
690    @aQ945.11@v5
701  0 @a许大全@9xu da quan@4编著
801  0 @aCN@b人天书店@c20131105
905    @b549931-33@dQ945.11@e233@f3
    
    光合作用学/许大全编著.-北京:科学出版社,2013.10
    10,471页:图,图版(1叶);26cm.-(研究生创新教育系列丛书)
    国家科学技术学术著作出版基金资助出版.-使用对象:可供大学和生命科学研究机构的生物专业学生、研究生、教学与科研人员参考
    
    ISBN 978-7-03-038768-4:CNY128.00
    本书包括序篇、历史篇、方法篇、机制篇、响应篇、调节篇和应用篇7篇,从光合作用的生物化学、生理生态学和分子生物学等方面全景式展示了光合作用研究的历史、现状和最新进展及研究前沿。
●
相关链接 在E读中查询图书 在五车中查询图书 在当当中查询图书 在豆瓣中查询图书


正题名:光合作用学     索取号:Q945.11/233         预约/预借

序号 登录号 条形码 馆藏地/架位号 状态 备注
1 549931   205499316   第二样本阅览室/ [索取号:Q945.11/233] 在馆    
2 549932   205499325   第三借阅区/ [索取号:Q945.11/233] 在馆    
3 549933   205499334   密集书库-生命科学系/ [索取号:Q945.11/233] 在馆    
唐山师范学院图书馆 欢迎您!
大连网信软件有限公司© 版权所有